| 000 | 01918nam a2200265Ia 4500 | ||
|---|---|---|---|
| 999 |
_c51561 _d51561 |
||
| 001 | 18552 | ||
| 003 | GE_BSU | ||
| 005 | 20190919160912.0 | ||
| 008 | 181216s2016||||ge |||||||||||||| ||geo|| | ||
| 020 | _a9789941227790 | ||
| 040 | _cGE_BSU | ||
| 041 | _ageo | ||
| 080 | _a323(560) მ-18 | ||
| 100 |
_aმაკარაძე, ემზარ. _94143 |
||
| 245 |
_aთურქეთის საშინაო პოლიტიკა 2000-2015 წლებში / _cემზარ მაკარაძე ; რედ : გიორგი სანიკიძე ; რევაზ დიასამიძე. |
||
| 264 |
_aთბილისი : _bუნივერსალი, _c2016. |
||
| 300 |
_a111 გვ .: _c20 სმ. |
||
| 501 | _aმონოგრაფიაში განხილულია თურქეთის საშინაო პოლიტიკა.ნაშრომი განკუთვნილია თურქოლოგების,აღმოსავლეთმცოდნეობის,ისტორიკოსების,სტუდენტთა და შესაბამისი საკითხებით დაინტერესებულ მკითხველთა ფართო წრეს. | ||
| 653 | _aთურქეთის საშინაო პოლიტიკა 2000-2015 წლებში. | ||
| 653 | _aპოლიტიკა | ||
| 700 |
_aსანიკიძე , გიორგი _eრედაქტორი _93936 |
||
| 700 |
_aდიასამიძე , რევაზ _eრედაქტორი _9111 |
||
| 710 |
_eბათუმის შოთა რუსთაველის სახელმწიფო უნივერსიტეტი აღმოსავლეთმცოდნეობის დეპარტამენტი _94144 |
||
| 942 |
_cBK _2udc |
||